00609nam a2200181 a 450000100100000000500170001000800410002702000150006804000250008308200150010810000370012324500430016026000350020330000210023870000380025995201130029799900170041000003550520200930074407.0111102s1996 mx 000 0 spa d a9681903382 aDO-SdBNPbspacBNPHU axxxxbxxxx1 aRamírez, Sergio,d1942-91756610aCuentos completos /cSergio Ramírez. aMéxico, :bAlfaguara,c1996. a340 p. ;c24 cm.1 aBenedetti, Mario,epról.934313 001050718MOaGRbGRcHDd2011-11-02iLF1l0oxxxx xxxxp35505-10r2020-06-25w2020-06-25y1ZNo se presta c34996d34996